000 00400nam a2200133Ia 4500
005 20260326235455.0
008 260326s9999||||xx |||||||||||||| ||und||
100 _aMinisterio de Desarrollo Económico
245 0 _aCiudades y Ciudadanía :
_b La política Urbana del salto Social /
_cMinisterio de Desarrollo Económico
260 _bPresencia
300 _a356 p.
650 _aURBANISMO
942 _cBK
999 _c7900
_d7900